Industrial Relation. (Record no. 2378)

MARC details
000 -LEADER
fixed length control field 00390nam a22001697a 4500
005 - DATE AND TIME OF LATEST TRANSACTION
control field 20180227163544.0
008 - FIXED-LENGTH DATA ELEMENTS--GENERAL INFORMATION
fixed length control field 160611b xxu||||| |||| 00| 0 eng d
020 ## - INTERNATIONAL STANDARD BOOK NUMBER
ISBN 978-0-07-451770-3
041 ## - LANGUAGE CODE
Language code of text/sound track or separate title eng
082 ## - DEWEY DECIMAL CLASSIFICATION NUMBER
Item number 6805
Classification number 331
100 ## - MAIN ENTRY--AUTHOR NAME
Personal name Monappa Arun
245 ## - TITLE STATEMENT
Title Industrial Relation.
260 ## - PUBLICATION, DISTRIBUTION, ETC. (IMPRINT)
Place of publication New Delhi
Name of publisher TMH
300 ## - PHYSICAL DESCRIPTION
Number of Pages 362
650 ## - SUBJECT ADDED ENTRY--TOPICAL TERM
Topical Term Management
942 ## - ADDED ENTRY ELEMENTS (KOHA)
Koha item type Books
Holdings
Lost status Damaged status Collection code Home library Current library Shelving location Date acquired Cost, normal purchase price Full call number Accession Number Koha item type
    MANAGEMENT JRU Library JRU Library SHELF-72-E 11/06/2016 195.00 331 6805 Books